|
|
|
|
| LEADER |
00000nam a2200000 i 4500 |
| 005 |
2015101303343.0 |
| 007 |
cr|||| |||| |
| 008 |
080630s2004 mx 000 0 spa d |
| 020 |
|
|
|a 968-16-7227-5
|
| 035 |
|
|
|a 12887
|
| 040 |
|
|
|a BUS
|d vLex
|
| 090 |
|
|
|c 5601
|d 5601
|
| 100 |
1 |
|
|a Arellano Gault, David.
|
| 245 |
1 |
0 |
|a Gestin̤ estratǧica para el sector pb︢lico
|h [Recurso electrn̤ico] :
|b Del pensamiento estratǧico al cambio organizacional /
|c David Arellano Gault.
|
| 256 |
|
|
|a Servicio en ln̕ea.
|
| 260 |
|
|
|a Mx̌ico [etc.] :
|b Fondo de Cultura Econm̤ica,
|c 2005.
|
| 300 |
|
|
|a 1 recurso en ln̕ea (262 p.) ;
|c 21 cm.
|
| 504 |
|
|
|a p.: 387-398.
|
| 506 |
|
|
|a Disponible en los productos indicados
|d vLex Global
|d vLex Global (Academic Edition, excluding Law Schools)
|d vLex Global (U.S. Academic Edition, Law Schools)
|d vLex Global (U.S. Academic Edition, excluding Law Schools)
|d vLex Global (Academic Edition, Law Schools)
|
| 650 |
0 |
4 |
|a Planificacin̤ estratǧica
|
| 650 |
0 |
4 |
|a Administracin̤ pb︢lica
|x Gestin̤
|
| 740 |
0 |
|
|a vLex Libros (Servicio en ln̕ea)
|
| 856 |
4 |
0 |
|u http://vlex.com/source/gestion-estrategica-sector-publico-12887
|z Acceso restringido
|
| 942 |
|
|
|c BOOK
|
| 999 |
0 |
|
|a Strategic planning
|
| 999 |
0 |
|
|a Public administration
|